MDQL
is popping MORE tags! Check the
thread
!
Quizzes
Events
Quiz Creation
Community
Videos
Private Events
Remove Ads
Sign In
Join for FREE
Feedback
Dark Mode
Quiz Categories
Sports
Geography
Music
Movies
Television
Just For Fun
Miscellaneous
History
Literature
Language
Science
Gaming
Entertainment
Religion
Holiday
For Kids
Quiz Lab
Recent
Popular Today
Quiz Kudos Today
Editor Picks
Curator Picks
Quizzes by...
Day
Popularity
Type
Ratings
Length
Year
Community
Subscriptions
Recent Discussions
Orange Saloon
Badges
Playlists
Quests
Create
Leaderboards
Showdown
Live 5
Trivia Bingo
Activity
Puzzle Library
Sporcle Events
Private Events
Virtual Trivia
Globe League
Become a Host
Pub Owners
SporcleCon
Opinionation
Our Games
Videos
Blog
Mobile Apps
Partnerships
Remove Ads and Go Orange
Feedback
Sports
Athletes
MLB
NBA
NHL
NFL
Soccer
Sports Teams
WWE
NCAA
Football
Premier League
Basketball
Baseball
Hockey
Golf
Tennis
Cricket
Rugby
Auto Racing
Olympics
World Cup
Sports
Athletes
MLB
NBA
NHL
NFL
Soccer
Sports Teams
WWE
NCAA
Football
Premier League
Basketball
Baseball
Hockey
Golf
Tennis
Cricket
Rugby
Auto Racing
Olympics
World Cup
Random Quiz
Search Sporcle
×
Quiz Lab
Quiz Lab
Sports
French
Type in answers that appear in a list
Type in answers that appear in a list
Classic
Best Score? Go Orange.
French Open Tennis Women's Champions (1968-2015) Stats
Can you name name the French Open Women's Champions (Open Era) in order?
By
Kirijax
5m
48 Questions
145 Plays
145 Plays
145 Plays
Comments
Comments
Give Quiz Kudos
Give Quiz Kudos
-
- Ratings
hide this ad
Forced Order
Answers have to be entered in order
Answers have to be entered in order
Replay
Link that replays current quiz
Next Quiz
Link to next quiz in quiz playlist
You Got
0%
They Got
Avg Score
71%
Avg Friend Score
Upgrade to see
Score Distribution
Jump to the score distribution portion of the page
Score
0/48
Timer
05:00
0
Plays Today
Hint
Answer
% Correct
2015
Serena Williams
92.9%
2013
Serena Williams
88.3%
2014
Maria Sharapova
86.7%
2006
Justine Henin
84.8%
2005
Justine Henin
84.1%
2007
Justine Henin
83.4%
2010
Francesca Schiavone
82.8%
1988
Steffi Graf
82.1%
2002
Serena Williams
81.4%
2012
Maria Sharapova
81.4%
1993
Steffi Graf
80.7%
1991
Monica Seles
80%
1992
Monica Seles
80%
1996
Steffi Graf
80%
2003
Justine Henin
78.6%
2011
Li Na
78.6%
1985
Chris Evert
77.9%
1995
Steffi Graf
77.9%
2008
Ana Ivanovic
77.9%
1975
Chris Evert
77.2%
1979
Chris Evert
77.2%
1980
Chris Evert
77.2%
1983
Chris Evert
77.2%
1986
Chris Evert
77.2%
Hint
Answer
% Correct
1987
Steffi Graf
77.2%
2001
Jennifer Capriati
77.2%
2004
Anastasia Myskina
76.6%
1984
Martina Navratilova
75.9%
1990
Monica Seles
75.9%
1999
Steffi Graf
75.2%
1982
Martina Navratilova
74.5%
2000
Mary Pierce
73.1%
2009
Svetlana Kuznetsova
73.1%
1974
Chris Evert
72.4%
1994
Arantxa Sanchez Vicario
72.4%
1997
Iva Majoli
71.7%
1970
Margaret Court
67.6%
1969
Margaret Court
64.1%
1989
Arantxa Sanchez Vicario
64.1%
1998
Arantxa Sanchez Vicario
62.8%
1972
Billie Jean King
60.7%
1981
Hana Mandlikova
57.9%
1973
Margaret Court
56.6%
1971
Evonne Goolagong Cawley
48.3%
1976
Sue Barker
48.3%
1978
Virginia Ruzici
48.3%
1977
Mima Jausovec
47.6%
1968
Nancy Richey
44.1%
Quiz Playlist
Details
Report
Send in Message
Add To Playlist
Classic:
Type in answers that appear in a list
Forced Order:
Answers have to be entered in order
Last Updated: Feb 16, 2017
Quiz Scoreboard
CHALLENGE
Sign Up to Join the Scoreboard
Show All
Scores
Hide
Comments
May contain spoilers
Recently Published
Colored Red Africa Blitz
by spor1
Geography
30s
Find the 'City' Movie
by crazypaving
Movies
60s
5x2 Blitz: Bands
by SL_Kpop136
Music
30s
More to Explore
Quiz From the Vault
Featured Blog Post
14 Easter Pick-up Lines to Find Eggs With
hide this ad
You Might Also Like...
Tags
French Quiz
champion
Era
French Open
In Order
open
Order
Women
Today's Top Quizzes in Sports
Browse Sports
hide this ad
Today's Top Quizzes in French
Browse French
Top Contributed Quizzes in Sports
1
Players with Multiple 50 Home Run Seasons
2
Criteria MLB: Left Handed Sluggers
3
MLB Players with Two .350 Batting Average Seasons
4
Who Hit More Homers?
5
Premier League Clubs since 2000 (minefield)
6
Who Needs Fielders?
7
2020 F1 Drivers Logic Puzzle
8
Les entraîneurs de l'OM et du PSG au 21e siècle
9
Top 10 NHL Goal Scorers of All Time
10
MLB Hall of Famer by Rings
Explore More
Trending Topics
Crossword
Anime
Disney
NBA
Kpop
Marvel
Harry Potter
Song
WWE
NFL
Country
Puzzle
Soccer
Pokémon
The Office
hide this ad
More By:
Kirijax
Quiz
Plays
Rating
Category
Featured
Created
Men's Tennis Year-End Top 4
86,085
4.76
Sports
Apr 3, 2014
Women's Tennis Year-End Top 4 (1975-2017)
6,280
4.00
Sports
Jan 30, 2015
Cincinnati Master Tennis Men's Champions (Open Era)
1,931
3.78
Sports
Aug 18, 2015
Men's Tennis Champions Open Era: Majors, WTF, Olympics
956
4.00
Sports
Mar 31, 2014
Women's Tennis Champions Open Era: Majors, WTF, OG
548
4.00
Sports
Apr 1, 2014
Go to Creator's Profile
Score Distribution
Quiz Creator Spotlight
Kirijax
Follow
Send a Message
Quizzes Created
-
Created Quiz Play Count
-
More By This Creator
Popular Quizzes Today
1
Find the 'City' Movie
2
Colored Red Africa Blitz
3
5x2 Blitz: Bands
4
Find the US States - No Outlines Minefield
5
The Countries of the World
6
Find the US States
7
9x9 Crossword: Cartoon Network
8
US States
More Sports Quizzes
Complete the UK Football Stadium
Quiz Lab
Trending Quizzes
Colored Red Europe Blitz I
Colored Red Africa Blitz II
Colored Red Africa Blitz III
Colored Red Europe Blitz III
Colored Red Europe Blitz II
Recently Updated
Champions League XIs: Real Madrid
pecheneg
Largest US Cities 1790-2010
pecheneg
Rides in Walt Disney World
pecheneg
Most Oscar Losses (Acting)
pecheneg
Beyoncé Albums
pecheneg
Leaping Animals
pecheneg
Reality TV Shows (A-Z)
bhenderson79
Rickey Henderson's Hall of Fame Teammates
pecheneg
Champions League XIs: Arsenal
pecheneg
Quick Pick: Celebrities in WWE's Hall of Fame
aduchscher
Trending Topics
NBA
Marvel
Anime
Kpop
Disney
Crossword
Harry Potter
WWE
Country
Song
The Office
Pokémon
Puzzle
NFL
Soccer
Your Account Isn't Verified!
In order to create a playlist on Sporcle, you need to verify the email address you used during registration. Go to your
Sporcle Settings
to finish the process.
Report this User
Report this user for behavior that violates our
Community Guidelines
.
Details:
Send Report
Go to the Sporcle.com Mobile Site →
Comments